000 00555nam a2200193Ia 4500
999 _c31705
_d31705
003 OSt
005 20200803122852.0
008 190216s9999||||xx |||||||||||||| ||und||
020 _a8177643169
040 _coclc
082 _a516.16
_bISH/M
100 _aIsham, Chris J
_93915
245 0 _aModern Differential Geometry For Physicists /
_cChris J Isham
250 _a2nd Ed.
260 _bAllied Publications,
_c1999.
_aNew Delhi:
300 _a290p
650 _aMathematics
942 _cBK
_2ddc
_h516.36
_iISH/M
_k516.36
_mISH/M